Widok standardowy
Widok MARC
Pozycja Personal Name
Liczba rekordów, w których użyto hasła: 1
001 - Numer kontrolny
- control field: 40946
003 - Identyfikator numeru kontrolnego
- control field: NUKAT
005 - Data i czas ostatniej modyfikacji
- control field: 20260429213233.0
008 - Dane kontrolne kodowane (40 znaków)
- fixed length control field: 021023n||a|znnaabn |a aaa |c
010 ## - Numer kontrolny Biblioteki Kongresu
- numer kontrolny LC: n 2002097550
040 ## - Instytucja sporządzająca rekord
- inst. przygot. dane do rek. khw: KR 7/BZ
- język haseł przedmiotowych/tezaurus: kaba
- inst. wprow. rek. khw: KR 7/BZ
- inst. modyf. rek. khw: WA U/76AU
100 1# - Hasło - nazwa osobowa
- nazwa osobowa w formie ujednoliconej: Kauzik, Stanisław
- daty biograficzne: (1891-1959).
400 1# - Trop zob. - nazwa osobowa
- nazwa osobowa (nazwisko, imiona): Dołęga.
400 1# - Trop zob. - nazwa osobowa
- nazwa osobowa (nazwisko, imiona): Modrzewski.
400 1# - Trop zob. - nazwa osobowa
- nazwa osobowa (nazwisko, imiona): Jezierski.
400 1# - Trop zob. - nazwa osobowa
- nazwa osobowa (nazwisko, imiona): Wojciechowski.
400 1# - Trop zob. - nazwa osobowa
- nazwa osobowa (nazwisko, imiona): Prus, A.
400 1# - Trop zob. - nazwa osobowa
- nazwa osobowa (nazwisko, imiona): Dołęga-Modrzewski, Stanisław.
400 1# - Trop zob. - nazwa osobowa
- nazwa osobowa (nazwisko, imiona): Modrzewski, Stanisław Dołęga-.
670 ## - Źródło informacji
- źródło informacji: Ustawodawstwo skarbowe / pod red. Stanisława Kauzika. - Warszawa, 1929.
670 ## - Źródło informacji
- źródło informacji: PSB. - 1935-
670 ## - Źródło informacji
- źródło informacji: Kp. Polskie Państwo Podziemne / Stanisław Dołęga-Modrzewski. - Londyn, 1959.
670 ## - Źródło informacji
- źródło informacji: LCA online